| 000 | 00540cam a22002051a 4500 | ||
|---|---|---|---|
| 001 | sa 65001666 | ||
| 003 | DLC | ||
| 005 | 20260227112110.0 | ||
| 008 | 950420s1959 io 000 0 ind | ||
| 010 | _asa 65001666 | ||
| 025 | _aPL480:Indo-1291 | ||
| 035 | _a(OCoLC)32342014 | ||
| 040 |
_aDLC _cWU _dDLC |
||
| 042 | _apremarc | ||
| 050 | 0 | 0 |
_aPL5089.W56 _bS2 |
| 100 | 1 | _aWispi, Agam. | |
| 245 | 1 | 0 | _aSahabat, pilihan sadjak². |
| 260 |
_aDjakarta : _bBagian Penerbitan, Lembaga Kebudajaan Rakjat, _c1959. |
||
| 300 |
_a18 p. ; _c18 cm. |
||
| 999 |
_c62149 _d62149 |
||